Environmental considerations for the industrial development sector

Saved in:
Bibliographic Details
Corporate Author: The World Bank
Format: Book
Language:Undetermined
Published: Washington Office of Environmental and Health Affairs 1978
Subjects:
Tags: Add Tag
No Tags, Be the first to tag this record!
Institutions: Trung tâm Học liệu Trường Đại học Cần Thơ
LEADER 00542nam a2200169Ia 4500
001 CTU_78796
008 210402s9999 xx 000 0 und d
082 |a 628.4 
082 |b W927 
110 |a The World Bank 
245 0 |a Environmental considerations for the industrial development sector 
245 4 |c The World Bank 
260 |a Washington 
260 |b Office of Environmental and Health Affairs 
260 |c 1978 
650 |a Environmental control,Environmental management 
980 |a Trung tâm Học liệu Trường Đại học Cần Thơ